[Event "NED-ch U12 op"]
[Site "Borne"]
[Date "2019.08.07"]
[Round "5"]
[White "Kazarjan, Gachatur"]
[Black "Geldof, Wouter"]
[Result "1-0"]
[WhiteElo "1542"]
[BlackElo "892"]
[PlyCount "65"]
[EventDate "2019.08.05"]
[EventType "swiss"]
[EventRounds "13"]
[EventCountry "NED"]
[SourceTitle "EXT 2020"]
[Source "ChessBase"]
[SourceDate "2019.10.17"]
[SourceVersion "1"]
[SourceVersionDate "2019.10.17"]
[SourceQuality "1"]

1. e4 e5 2. Nf3 Nc6 3. d4 exd4 4. Nxd4 Nf6 5. Nc3 Bc5 6. Be3 d6 7. Nxc6 bxc6 8. Bxc5 dxc5 9. Qxd8+ Kxd8 10. 0-0-0+ Bd7 11. g3 Kc8 12. Bg2 Rb8 13. Na4 Be6 14. Nxc5 Bxa2 15. Bf1 Ra8 16. Ba6+ Kb8 17. e5 Be6 18. exf6 gxf6 19. Rd4 Bc8 20. Rb4+ Bb7 21. Bxb7 a5 22. Rd4 Ra7 23. Bxc6 Ra6 24. Nxa6+ Ka7 25. Bb5 c6 26. Bc4 Kb6 27. Re1 Rc8 28. Re7 a4 29. Rdd7 Ka5 30. Ra7 c5 31. Reb7 Rc6 32. Nc7+ Ra6 33. Rxa6# 1-0